Andes Mountain Countries Quiz Stats

 Plays Quiz Updated Mar 20, 2016

Also try: Seven Summits
Challenge
Share
Tweet
Embed
Score 0/7 Timer 01:00
0 Plays Today
Country % Correct
Chile
98.1%
Peru
97.1%
Argentina
96.3%
Bolivia
90.7%
Colombia
90.7%
Ecuador
89.2%
Venezuela
83.5%

You're not logged in!

Compare scores with friends on all Sporcle quizzes.
OR
Log In

You Might Also Like...

Show Comments

Extras

Top Quizzes Today


Score Distribution

Your Account Isn't Verified!

In order to create a playlist on Sporcle, you need to verify the email address you used during registration. Go to your Sporcle Settings to finish the process.

Report this User

Report this user for behavior that violates our Community Guidelines.

Details: